01110cas a2200217 a 450000100090000000300040000900500170001300800410003005000240007124501920009526000390028730000280032665000470035465000570040170001330045870000910059170000770068271000490075971000350080871000490084311504355OSt20241122173345.0241122d19361946enk x w 0 0eng c00aKD288 / ELR40b.A6404aThe all England law reports annotated:bof cases decided in the House of Lords, the Privy Council, all divisions of the Supreme Court and Courts of special jurisdiction /n1940 - VOLUME 3 aLondon :bLaw Journal,c1936-1946. axxiii, 668 pagesc24 cm 0aLaw reports, digests, etc.zGreat Britain. 7aLaw reports, digests, etc.2fast0(OCoLC)fst00994106 aRoland Burrows, K.C. (Recorder of Cambridge. Managing Editor of Halsbury's Laws of England, Hailsham Edition)eConsulting Editor aHarold Christie, K.C. (Bencher of Lincoln's Inn)eConsulting Editor for Chancery Cases aW. J. Williams, B.A., of Lincoln's Inn, Barrister-at-LaweGeneral Editor1 aGreat Britain.bParliament.bHouse of Lords.1 aGreat Britain.bPrivy Council.1 aGreat Britain.bSupreme Court of Judicature.